El radicalismo y sus nuevas orientaciones: Magistral discurso pronunciado en la Cámara en la sesión del 16 de julio de 1918
Gespeichert in:
| 1. Verfasser: | |
|---|---|
| Format: | Buch |
| Sprache: | Spanisch |
| Veröffentlicht: |
Valparaíso
Talleres de La Unión
1918
|
| Ausgabe: | 1a. ed |
| Schlagworte: | |
| Tags: |
Tag hinzufügen
Keine Tags, Fügen Sie den ersten Tag hinzu!
|
MARC
| LEADER | 00000nam a2200000 a 4500 | ||
|---|---|---|---|
| 001 | UCJ4542 | ||
| 003 | CL-VaPUC | ||
| 008 | 070124e19180000CL |||||||||||||||||spa|d | ||
| 082 | 0 | 4 | |a 983 |b SIL |2 21 |
| 100 | 0 | |a Silva Maquieira, Fernando |e author |9 508495 | |
| 245 | 1 | 3 | |a El radicalismo y sus nuevas orientaciones: Magistral discurso pronunciado en la Cámara en la sesión del 16 de julio de 1918 |
| 250 | |a 1a. ed | ||
| 300 | |a 47 p | ||
| 942 | |c BK | ||
| 945 | |d 20070124 00:00:00 |a rinostro | ||
| 260 | |a Valparaíso |b Talleres de La Unión |c 1918 | ||
| 500 | |a Empastado con otras monografías en un volumen rotulado Silva, Radicalismo; Pinto D., Comentarios de Sophos el que se ubica en 983 SIL | ||
| 650 | 0 | |a Partidos políticos |9 254999 | |
| 650 | 7 | |a PARTIDO RADICAL |2 CL-VaPUC |9 383050 | |
| 650 | 7 | |a DISCURSOS PARLAMENTARIOS |2 CL-VaPUC |9 504230 | |
| 583 | |a last modification |c 20070124 00:00:00 |k Rodrigo Vera | ||
| 999 | |c 320658 |d 320656 | ||
| 952 | |0 0 |1 0 |4 0 |6 983_000000000000000_SIL_1918 |7 0 |8 X |9 399218 |a FDOBUD |b FDOBUD |d 2019-11-22 |i 1021214 |o 983 SIL 1918 |p 1021214 |r 2019-11-22 |w 2019-11-22 |y BK_X |k BUD | ||